000 01327nab a22002897a 4500
999 _c5533
_d5533
003 OSt
005 20251215135141.0
008 190429b xxu||||| |||| 00| 0 spa d
040 _cPJ
100 _aDaruich, Vanesa
_96513
245 1 0 _aUna mirada crítica sobre el abordaje del rol de la víctima en el sistema penal argentino /
_cVanesa Daruich.
260 _cCiudad Autónoma de Buenos Aires :
_aThomson Reuters La Ley,
_b2025.
300 _ap. 5-25
500 _aCita: AR/DOC/171/2025.
505 _aSumario: I. Introducción.— II. Prostitución y trata de personas.— III. La víctima.— IV. Normativa.— V. Normativa adjetiva.— VI. Constitución Nacional y Convenciones Internacionales.— VII. Conclusión.
505 _tSi te interesa el texto completo, solicitalo a koha@justierradelfuego.gov.ar
650 0 _9343
_aDERECHO PENAL
650 0 _94885
_aDERECHOS DE LA VÍCTIMA
650 0 _93047
_aVÍCTIMA DEL DELITO
650 0 _93056
_aTRATA DE PERSONAS
650 0 _95585
_aCONSENTIMIENTO
650 0 _92906
_aPROSTITUCIÓN
650 0 _94022
_aMINISTERIO PÚBLICO FISCAL
650 0 _93053
_aVIOLENCIA DE GÉNERO
773 0 _02658
_93164
_tRevista de derecho penal y criminología. Nº 2 - Marzo 2025
_dCiudad Autónoma de Buenos Aires : Thomson Reuters La Ley, 2017-
_x00347914
942 _2udc
_cANA